Osnovnyje poňatija strukturnogo analiza.

Uložené v:
Podrobná bibliografia
Hlavný autor: Šišakov, N. A.
Médium: Kniha
Jazyk:Slovak
Vydané: 1961.
Tagy: Pridať tag
Žiadne tagy, Buďte prvý kto otaguje tento záznam!

MARC

LEADER 00000nam a22000004a 4500
001 000515708
005 20160728122153.0
008 160728s1961 xo e 000 0 slo d
040 |a SVKKK  |b slo  |c SVKKK  |e AACR2 
100 1 |a Šišakov, N. A. 
245 1 0 |a Osnovnyje poňatija strukturnogo analiza. 
260 |c 1961. 
500 |a Záznam revízie 
910 |a svkkk 
998 |a BK 
090 |g SCKHL  |k Sklad  |a X0.1295  |j 03905  |i 515708-10  |4 Zastaraná  |s Vyradená